000 00632nam a22001937a 4500
005 20100820114431.0
010 _aENG-101105
020 _a8183410936
_c150.00
035 _aEN-84638
037 _bDBAD/PUB
082 _aN
100 _aDickens, Charles
_917130
245 _aA tale of two cities /
_cCharles Dickens
260 _aDelhi
_bRohan Book Company
_c2004
270 _aG-22 Indraprastha Apptt.Patpar Ganj Plot No-114
_bNew Delhi
_e110092
300 _a360p
_c18cm(Hb)
942 _2ddc
_cEN
_hN
_mDIC
999 _c42682
_d42682